اسلحة الاقتحام و الدقة / (Record no. 60551)
[ view plain ]
| 000 -الفاتح | |
|---|---|
| حقل البيانات ثابتة الطول | 01185nam a22003017a 4500 |
| 005 - وقت وتاريخ اخر تعامل مع التسجيلة | |
| رقم الضبط | 20240530110416.0 |
| 008 - عناصر البيانات ثابتة الطول - معلومات عامة | |
| حقل البيانات ثابتة الطول | 150304s2003 su o g 000 0 ara d |
| 017 ## - رقم الايداع القانونى | |
| رقم الايداع القانونى | 2196/1424 |
| المصدر ( الهيئة المختصة) | السعودية . مكتبة الملك فهد |
| 020 ## - الرقم الدولى المعيارى للكتب | |
| الرقم الدولى المعيارى للكتاب | 8484630145 |
| 040 ## - مصدر الفهرسة | |
| وكالة الفهرسة الأصلية | EG-CaGPL |
| 041 0# - رمز اللغة | |
| رمز لغة النص/ المسارات الصوتية أو العنوان الانفرادي | ara |
| 082 04 - رقم تصنيف ديوى العشرى | |
| رقم الطبعة | 21 |
| رقم التصنيف | 355.8\ |
| رقم المادة | م أ |
| 100 1# - المدخل الرئيسى - إسم شخصى | |
| الإسم الشخصى | اس ، دارا اديشونز ليما |
| الشكل الأكمل للاسم | دارا ايشونز ليما اس |
| 245 10 - بيان العنوان | |
| العنوان | اسلحة الاقتحام و الدقة / |
| بيان المسئوليه,etc | تاليف دارا اديشونز ليما ؛ تعريب محمد صالحى ، سعيد سبيعة |
| 250 ## - بيان الطبعة | |
| بيان الطبعة | ط1 |
| 260 ## - PUBLICATION, DISTRIBUTION, ETC. (IMPRINT) | |
| تاريخ النشر أو التوزيع | 2003 |
| 300 ## - الوصف المادى | |
| التعداد | 95 ص : |
| تفاصيل ماديه اخرى للوعاء | صور لو ؛ |
| أبعاد الوعاء | 32 سم |
| 490 0# - بيان السلسلة | |
| عنوان السلسلة | الاسلحة والامداد ، |
| الرقم الدولى المعيارى للدوريات | 9960403491 |
| 650 04 - المدخل الاضافى بالموضوع-مصطلح موضوعى | |
| مصطلح موضوعي | المعدات العسكرية |
| 650 04 - المدخل الاضافى بالموضوع-مصطلح موضوعى | |
| مصطلح موضوعي | الاسلحة العسكرية |
| 650 04 - المدخل الاضافى بالموضوع-مصطلح موضوعى | |
| مصطلح موضوعي | الاسلحة والتسليح |
| 650 04 - المدخل الاضافى بالموضوع-مصطلح موضوعى | |
| مصطلح موضوعي | المسدسات |
| 650 04 - المدخل الاضافى بالموضوع-مصطلح موضوعى | |
| مصطلح موضوعي | العلوم الحربية |
| 700 0# - المدخل الاضافى - اسم شخصى | |
| الإسم الشخصى | محمد صالحى |
| الدور | مترجم |
| 700 0# - المدخل الاضافى - اسم شخصى | |
| الإسم الشخصى | سعيد سبيعة |
| الدور | مترجم مشارك |
| 942 ## - عناصر المدخل الإضافي( كوها) | |
| مصدر التصنيف او مخطط الترفيف | Dewey Decimal Classification |
| Koha [default] item type | كتاب |
| 260 ## - PUBLICATION, DISTRIBUTION, ETC. (IMPRINT) | |
| -- | السعودية : |
| -- | مكتبة العبيكان ، |
| حالة التراجع | حالة الفقد | حالة تلف | ليس للاعارة | المكان المؤقت | الموقع الحالى | تاريخ الاكتساب | اجمالي اﻻعارات | رقم الطلب | الباركود | تاريخ اخر مشاهدة | تاريخ تفعيل السعر | نوع وعاء كوها |
|---|---|---|---|---|---|---|---|---|---|---|---|---|
| مكتبة القاهرة الكبرى | مكتبة القاهرة الكبرى | 03/04/2015 | 355.8\م أ | 159645 | 03/04/2015 | 03/04/2015 | كتاب |

